Pet Shop Boys Charting Songs (Billboard Hot Dance) - Statistics

General Stats
  • This quiz has been taken 22 times
    19 since last reset
  • The average score is 3 of 8
Answer Stats
Album Weeks On Peak Artist(s) Song % Correct
Hotspot 9 Weeks #21 Pet Shop Boys ft. Years & Years Dreamland
75%
Super 9 Weeks #21 Pet Shop Boys The Pop Kids
50%
Hotspot 1 Week #28 Pet Shop Boys Monkey Business
42%
Electric 4 Weeks #36 Pet Shop Boys ft. Example Thursday
33%
Electric 8 Weeks #23 Pet Shop Boys Vocal
33%
Hotspot 1 Week #38 Pet Shop Boys I Don't Wanna
25%
Please 11 Weeks #12 Pet Shop Boys Opportunities (Let's Make Lots of Money)
25%
Super 4 Weeks #35 Pet Shop Boys Say It To Me
8%
No matching quizzes found
Score Distribution
Percent of People with Each Score
Percentile by Number Answered
Your Score History
You have not taken this quiz since the last reset